Visualizzazione normale
Vista MARC
- Aniceti Maria Luisa
di Personal Name
Records bibliografici associati: 1
001 - CONTROL NUMBER
- control field: 62980
003 - CONTROL NUMBER IDENTIFIER
- control field:
005 - DATE AND TIME OF LATEST TRANSACTION
- control field: 20251219104058.0
008 - FIXED-LENGTH DATA ELEMENTS
- fixed length control field: 251219|| aca||aabn | a|a d
040 ## - CATALOGING SOURCE
- Original cataloging agency:
- Transcribing agency:
100 ## - HEADING--PERSONAL NAME
- Personal name: Aniceti Maria Luisa
670 ## - SOURCE DATA FOUND
- Source citation: Work cat.: ()207744: Aniceti Maria Luisa, L'educazione alla salute e la scuola primaria, 1992